[Event "ch-FRA Blitz Online Qual"]
[Site "Europe-Chess INT"]
[Date "2020.05.16"]
[Round "1"]
[White "Calistri, Tristan"]
[Black "Cassam-Chenai, Antoine"]
[Result "1-0"]
[WhiteTitle "IM"]
[WhiteElo "2288"]
[BlackElo "1839"]
[WhiteFideId "607843"]
[BlackFideId "36087866"]
[EventDate "2020.05.16"]

1. e4 c5 2. Nf3 e6 3. Nc3 Nc6 4. d4 cxd4 5. Nxd4 Nf6 6. Ndb5 Bc5 7. Bf4 O-O 8.
Bc7 Qe7 9. Bd6 Bxd6 10. Qxd6 Qd8 11. O-O-O a6 12. Nd4 Nxd4 13. Rxd4 Ne8 14. Qg3
Qf6 15. e5 Qh6+ 16. Kb1 Nc7 17. Rh4 Qg6 18. Bd3 Qxg3 19. Bxh7+ Kh8 20. hxg3 g5
21. Rh5 f6 22. Bd3+ Kg7 1-0

[Event "ch-FRA Blitz Online Qual"]
[Site "Europe-Chess INT"]
[Date "2020.05.16"]
[Round "1"]
[White "Stephan, Victor"]
[Black "Breuil, Virgile"]
[Result "1-0"]
[WhiteTitle "IM"]
[WhiteElo "2439"]
[BlackElo "1622"]
[WhiteFideId "656666"]
[BlackFideId "45163693"]
[EventDate "2020.05.16"]

1. d4 d5 2. c4 c6 3. Nf3 Nf6 4. Nc3 Bf5 5. cxd5 cxd5 6. Qb3 b6 7. Bf4 e6 8. e3
Be7 9. Bb5+ Nbd7 10. Ne5 O-O 11. Nc6 Qe8 12. O-O a6 13. Be2 b5 14. Rfc1 Nb6 15.
Nxe7+ Qxe7 16. a4 Nc4 17. axb5 axb5 18. Nxb5 Nd2 19. Qd1 Qb4 20. Bd6 Qxb2 21.
Ba3 Rxa3 22. Rxa3 Qb4 23. h3 Nde4 24. Rb3 Qa5 25. Nc3 Nd6 26. Bd3 Nfe4 27. Nxe4
dxe4 28. Bf1 Rd8 29. Rcb1 f6 30. Qe1 Qc7 31. Qc3 Qe7 32. Qc5 Bg6 33. Rb8 h6 34.
R1b6 Rxb8 35. Rxb8+ Kh7 36. Rb6 Nf5 37. Qxe7 Nxe7 38. Rxe6 Nd5 39. Bc4 Nc3 40.
Rc6 Be8 41. Bg8+ Kxg8 42. Rxc3 Kf7 43. Rc7+ Kg6 44. Kf1 f5 45. f3 exf3 46. gxf3
Kf6 47. Kf2 g6 48. e4 fxe4 49. fxe4 h5 50. h4 Ke6 51. Ke3 Kd6 52. Rg7 Ke6 53.
Kf4 Kf6 54. Ra7 Ke6 55. Ra6+ Ke7 56. Kg5 Kf7 57. Rf6+ Kg7 58. Re6 Kf7 59. Rxe8
Kxe8 60. Kxg6 Ke7 61. Kxh5 Ke6 62. Kg6 1-0

[Event "ch-FRA Blitz Online Qual"]
[Site "Europe-Chess INT"]
[Date "2020.05.16"]
[Round "1"]
[White "Del Giovane, Fabio"]
[Black "Droin, Augustin"]
[Result "0-1"]
[BlackTitle "FM"]
[WhiteElo "1629"]
[BlackElo "2313"]
[WhiteFideId "45142190"]
[BlackFideId "45105987"]
[EventDate "2020.05.16"]

1. e4 c5 2. Nf3 Nc6 3. Bb5 g6 4. Bxc6 dxc6 5. h3 Bg7 6. O-O Nf6 7. e5 Nd7 8. Re1
O-O 9. Nc3 Qc7 10. d4 cxd4 11. Qxd4 Rd8 12. Qf4 Nf8 13. Be3 Bf5 14. Nd4 Ne6 15.
Nxe6 Bxe6 16. Bd2 Bxe5 17. Qb4 Rxd2 18. Nb5 Qd7 19. Rxe5 cxb5 20. Rxb5 b6 21. a4
Rxc2 22. a5 Rc4 0-1

[Event "ch-FRA Blitz Online Qual"]
[Site "Europe-Chess INT"]
[Date "2020.05.16"]
[Round "1"]
[White "Macon, Arthur"]
[Black "Grimault, Leane"]
[Result "1-0"]
[WhiteTitle "FM"]
[WhiteElo "2310"]
[BlackElo "1622"]
[WhiteFideId "20654707"]
[BlackFideId "36056847"]
[EventDate "2020.05.16"]

1. Nf3 d5 2. g3 Nf6 3. Bg2 c5 4. O-O Nc6 5. d4 e6 6. c4 cxd4 7. Nxd4 Be7 8. cxd5
Nxd5 9. Nxc6 bxc6 10. e4 Nf6 11. Qxd8+ Bxd8 12. Nc3 O-O 13. Rd1 Bb6 14. Na4 Bb7
15. b3 c5 16. e5 Bxg2 17. Kxg2 Ng4 18. Bb2 Rfd8 19. h3 Nh6 20. g4 Kf8 21. Ba3
Rac8 22. Rxd8+ Rxd8 23. Nxc5 Bxc5 24. Bxc5+ Ke8 25. Bxa7 Rd5 26. Bb8 Ng8 27. Bd6
Ne7 28. Bxe7 Kxe7 29. a4 Rxe5 30. a5 Rb5 31. a6 Rb8 32. a7 Ra8 33. Kf3 Kd7 34.
Ke4 Kc6 35. Ke5 Kb5 36. Kd6 Kb6 37. Ke7 f5 38. Kxe6 fxg4 39. hxg4 g6 40. g5 Kb5
41. Kf7 Kb4 42. Kg7 Kxb3 43. Kxh7 Kc3 44. Kxg6 Kd3 45. Kh7 Ke4 46. Ra5 Kf3 47.
g6 Kxf2 48. g7 1-0

[Event "ch-FRA Blitz Online Qual"]
[Site "Europe-Chess INT"]
[Date "2020.05.16"]
[Round "1"]
[White "Reuillon, Hadrien"]
[Black "Shirazi, Kamran"]
[Result "0-1"]
[BlackTitle "IM"]
[WhiteElo "1817"]
[BlackElo "2355"]
[WhiteFideId "45133972"]
[BlackFideId "2000733"]
[EventDate "2020.05.16"]

1. e4 c5 2. c3 d5 3. exd5 Qxd5 4. d4 Nc6 5. Nf3 e6 6. Be2 Nf6 7. O-O a6 8. c4
Qd8 9. dxc5 Bxc5 10. Bf4 O-O 11. Nc3 Qe7 12. a3 Rd8 13. Qc2 Nd4 14. Nxd4 Bxd4
15. Rad1 e5 16. Bg3 Be6 17. b3 Rac8 18. Ne4 Nxe4 19. Qxe4 f5 20. Qh4 g5 21. Qh6
f4 22. Bxf4 gxf4 23. Bd3 Rd6 24. Qh5 Qf7 25. Qh4 Kh8 26. Be4 Rg8 27. Rfe1 Qg7
28. b4 Bxc4 29. Rc1 Bd5 30. Qh3 Bxe4 31. Rxe4 Rh6 32. Qf3 Rg6 33. g3 fxg3 34.
hxg3 Rxg3+ 35. Qxg3 Qxg3+ 0-1

[Event "ch-FRA Blitz Online Qual"]
[Site "Europe-Chess INT"]
[Date "2020.05.16"]
[Round "1"]
[White "Gordon, James"]
[Black "Vlachos, Anatole"]
[Result "0-1"]
[BlackTitle "IM"]
[WhiteElo "1775"]
[BlackElo "2401"]
[WhiteFideId "45186154"]
[BlackFideId "26093189"]
[EventDate "2020.05.16"]

1. d4 f5 2. Nf3 Nf6 3. c4 g6 4. Nc3 Bg7 5. g3 O-O 6. Bg2 d6 7. O-O Qe8 8. Nd2 e5
9. dxe5 dxe5 10. e3 Na6 11. a3 Nc5 12. Qc2 e4 13. b4 Nd3 14. Nb3 Be6 15. Nb5 Qf7
16. Nd2 Ng4 17. Rb1 Rfd8 18. a4 Nge5 19. Kh1 Nxc4 20. Nxc4 Bxc4 21. Na3 Be6 22.
Bd2 Rd6 23. Qd1 Rad8 24. Qe2 Nf4 25. exf4 Rxd2 26. Qb5 c6 27. Qa5 a6 28. Rbc1
R2d7 29. Qb6 Bd4 30. Qa5 Bd5 31. b5 axb5 32. axb5 e3 33. bxc6 bxc6 34. h3 exf2
35. Rfd1 Bxg2+ 36. Kxg2 Qe6 37. Qd2 Qe4+ 38. Kh2 f1=Q 39. Rxf1 Bg1+ 40. Kxg1
Rxd2 41. Rf2 Rxf2 42. Kxf2 Rd2+ 43. Kf1 Qe2+ 44. Kg1 Qg2# 0-1

[Event "ch-FRA Blitz Online Qual"]
[Site "Europe-Chess INT"]
[Date "2020.05.16"]
[Round "1"]
[White "Sochacki, Wojtek"]
[Black "Coelho, Laurent"]
[Result "1-0"]
[WhiteTitle "IM"]
[WhiteElo "2320"]
[BlackElo "1617"]
[WhiteFideId "651389"]
[BlackFideId "45104840"]
[EventDate "2020.05.16"]

1. d4 d6 2. e4 Nf6 3. Nc3 g6 4. Nf3 Bg7 5. h3 O-O 6. Be2 Nbd7 7. O-O c5 8. Be3
cxd4 9. Nxd4 a6 10. Re1 Qc7 11. Nd5 Nxd5 12. exd5 Ne5 13. Bf1 Nc4 14. Bc1 Re8
15. b3 Nb6 16. c4 Nd7 17. Bb2 Nf6 18. Qd2 Bd7 19. Re2 Rad8 20. Rae1 Bc8 21. Bc3
Kh8 22. Ba5 b6 23. Bc3 Bb7 24. g3 a5 25. Nb5 Qd7 26. Bd4 Rc8 27. Bxb6 Ba6 28. a4
Bxb5 29. axb5 Ra8 30. Bxa5 Qa7 31. Bc3 Qa3 32. Rxe7 Rxe7 33. Rxe7 1-0

[Event "ch-FRA Blitz Online Qual"]
[Site "Europe-Chess INT"]
[Date "2020.05.16"]
[Round "1"]
[White "Cornileau, Juliette"]
[Black "Claverie, Christophe"]
[Result "0-1"]
[BlackTitle "IM"]
[WhiteElo "1872"]
[BlackElo "2304"]
[WhiteFideId "36083372"]
[BlackFideId "605514"]
[EventDate "2020.05.16"]

1. d4 Nf6 2. c4 Nc6 3. Nc3 e5 4. Nf3 exd4 5. Nxd4 Bb4 6. e3 O-O 7. Bd3 Nxd4 8.
exd4 Re8+ 9. Be3 d5 10. O-O Be6 11. cxd5 Nxd5 12. Nxd5 Bxd5 13. Rc1 Bd6 14. Qh5
g6 15. Qg4 h5 16. Qd1 c6 17. Qd2 Qh4 18. g3 Qg4 19. Be2 Qe4 20. f3 Qxe3+ 21.
Qxe3 Rxe3 22. Kf2 Rae8 0-1

[Event "ch-FRA Blitz Online Qual"]
[Site "Europe-Chess INT"]
[Date "2020.05.16"]
[Round "1"]
[White "Loiseau, Quentin"]
[Black "Menoux, Joachim"]
[Result "1-0"]
[WhiteTitle "IM"]
[WhiteElo "2457"]
[BlackElo "1627"]
[WhiteFideId "665274"]
[BlackFideId "36066206"]
[EventDate "2020.05.16"]

1. e4 e6 2. d3 d5 3. Nd2 Nf6 4. g3 c5 5. Bg2 Nc6 6. Ngf3 d4 7. O-O e5 8. Nc4 Qc7
9. Bg5 Be7 10. a4 h6 11. Bd2 Be6 12. c3 Nxe4 13. Nfxe5 Nxd2 14. Bxc6+ bxc6 15.
Qxd2 Bxc4 16. Nxc4 O-O 17. cxd4 cxd4 18. Rfe1 a5 19. Re5 c5 20. Rae1 Bf6 21.
R5e4 Bg5 22. Qd1 Qd7 23. Re5 Qc7 24. Qg4 Bf6 25. Rf5 Kh7 26. Nd2 Rfe8 27. Ne4
Kh8 28. Rc1 Qd7 29. Nxf6 gxf6 30. Qf4 Kh7 31. Rxf6 Kh8 32. Rxh6+ Kg8 33. Qg5+
Kf8 34. Rh8# 1-0

[Event "ch-FRA Blitz Online Qual"]
[Site "Europe-Chess INT"]
[Date "2020.05.16"]
[Round "1"]
[White "Dincov, Matei"]
[Black "Szajbely, Zsigmond"]
[Result "0-1"]
[BlackTitle "FM"]
[WhiteElo "1714"]
[BlackElo "2260"]
[WhiteFideId "45118620"]
[BlackFideId "711691"]
[EventDate "2020.05.16"]

1. d4 Nf6 2. c4 c5 3. d5 b5 4. cxb5 a6 5. bxa6 g6 6. Nc3 Bg7 7. e4 O-O 8. Nf3
Qa5 9. Be2 Nxe4 10. O-O Nxc3 11. bxc3 Qxc3 12. Rb1 Bxa6 13. Bb2 Qa5 14. Bxg7
Kxg7 15. d6 e6 16. Ne5 f6 17. Nc4 Bxc4 18. Bxc4 Nc6 19. Rb7 Ra7 20. Qb3 Nd4 21.
Rxa7 Nxb3 22. Rxa5 Nxa5 23. Bb5 Rd8 24. Rc1 c4 25. Bxc4 Rc8 0-1

[Event "ch-FRA Blitz Online Qual"]
[Site "Europe-Chess INT"]
[Date "2020.05.16"]
[Round "1"]
[White "Milliet, Sophie"]
[Black "Duprey, Francois-xavier"]
[Result "1-0"]
[WhiteTitle "IM"]
[WhiteElo "2401"]
[BlackElo "1613"]
[WhiteFideId "623725"]
[BlackFideId "20612516"]
[EventDate "2020.05.16"]

1. e4 c5 2. Nf3 d6 3. d4 cxd4 4. Qxd4 a6 5. Be2 Nc6 6. Qe3 g6 7. O-O Bg7 8. h3
Nf6 9. c4 O-O 10. Nc3 Bd7 11. Rd1 Rb8 12. Bd2 Qc7 13. Rac1 Rfd8 14. Nd5 1-0

[Event "ch-FRA Blitz Online Qual"]
[Site "Europe-Chess INT"]
[Date "2020.05.16"]
[Round "1"]
[White "Daulyte-Cornette, Deimante"]
[Black "Andre, Sebastien"]
[Result "1-0"]
[WhiteTitle "IM"]
[WhiteElo "2400"]
[BlackElo "1610"]
[WhiteFideId "12802859"]
[BlackFideId "26016982"]
[EventDate "2020.05.16"]

1. e4 e6 2. d4 d5 3. Nc3 Bb4 4. exd5 exd5 5. Bd3 c5 6. dxc5 Bxc3+ 7. bxc3 Qa5 8.
Nf3 Qxc3+ 9. Bd2 Qxc5 10. O-O Be6 11. Rb1 Nc6 12. Rxb7 Nf6 13. Be3 Qd6 14. Bg5
h6 15. Bxf6 gxf6 16. Re1 Rg8 17. Qd2 O-O-O 18. Ba6 Bh3 19. Rxf7+ Kb8 20. Rb1+
Ka8 21. Bb7+ Kb8 22. Bxc6+ Kc8 23. Bb7+ Kb8 24. Bxd5+ Kc8 25. Qc3+ 1-0

[Event "ch-FRA Blitz Online Qual"]
[Site "Europe-Chess INT"]
[Date "2020.05.16"]
[Round "1"]
[White "Suspene, Jacques"]
[Black "Le Goff, Damien"]
[Result "0-1"]
[BlackTitle "FM"]
[WhiteElo "1610"]
[BlackElo "2281"]
[WhiteFideId "651023059"]
[BlackFideId "634808"]
[EventDate "2020.05.16"]

1. e4 c5 2. c3 d5 3. exd5 Qxd5 4. d4 Nc6 5. Nf3 Bf5 6. Be2 cxd4 7. cxd4 Bxb1 8.
Rxb1 e6 9. O-O Nf6 10. h3 Bd6 11. Be3 Qxa2 12. Qc2 O-O 13. Bg5 Nd5 14. Bd3 h6
15. Bd2 Ncb4 16. Bc4 Nxc2 17. Bxa2 Ncb4 18. Bb3 Rfc8 19. Rfc1 Bf4 20. Bxf4 Nxf4
21. Kf1 Kf8 22. Ra1 a6 23. Ne5 Ke7 24. Nc4 Nbd5 25. Nb6 Nxb6 26. Rxc8 Rxc8 0-1

[Event "ch-FRA Blitz Online Qual"]
[Site "Europe-Chess INT"]
[Date "2020.05.16"]
[Round "1"]
[White "Batsiashvili, Nino"]
[Black "Tuillier, Valentin"]
[Result "1-0"]
[WhiteTitle "GM"]
[WhiteElo "2457"]
[BlackElo "1607"]
[WhiteFideId "13602993"]
[BlackFideId "36020800"]
[EventDate "2020.05.16"]

1. d4 Nf6 2. Nf3 e6 3. Bf4 b6 4. e3 Bb7 5. Bd3 c5 6. c3 d5 7. Nbd2 Be7 8. Qe2
Nc6 9. Rd1 O-O 10. a3 c4 11. Bb1 Rc8 12. e4 Re8 13. e5 Nd7 14. h4 f6 15. exf6
Bxf6 16. Ng5 Nf8 17. Ndf3 h6 18. Kf1 Qd7 19. Ne5 Bxe5 20. dxe5 Ne7 21. Nf3 Neg6
22. Bg3 Qe7 23. Nd4 a6 24. h5 Nh8 25. Rh4 Nf7 26. Rg4 Ng5 27. Bh4 Nfh7 28. Bxh7+
Kxh7 29. Bxg5 hxg5 30. Qe3 Rf8 31. Rxg5 Rh8 32. Ke2 Kg8 33. Rh1 Rc7 34. h6 Rh7
35. Rh3 Kf8 36. hxg7+ Rxg7 37. Rh8+ Kf7 38. Qf4+ 1-0

[Event "ch-FRA Blitz Online Qual"]
[Site "Europe-Chess INT"]
[Date "2020.05.16"]
[Round "1"]
[White "Kuhn, Mathilde"]
[Black "Choukri, Adel"]
[Result "0-1"]
[BlackTitle "FM"]
[WhiteElo "1764"]
[BlackElo "2311"]
[WhiteFideId "36099783"]
[BlackFideId "9000399"]
[EventDate "2020.05.16"]

1. e4 c5 2. c3 d5 3. exd5 Qxd5 4. d4 cxd4 5. cxd4 Nf6 6. Nc3 Qd8 7. Nf3 e6 8.
Bd3 Nc6 9. Be3 Be7 10. O-O Nb4 11. Bb1 Nbd5 12. Qd3 a6 13. a3 Bd7 14. a4 Rc8 15.
Ne5 Qb6 16. Nxd7 Nxd7 17. Nxd5 exd5 18. Ba2 Nf6 19. Qb3 Qd6 20. Rac1 O-O 21. Bg5
Rxc1 22. Rxc1 Ng4 23. Qc3 Qxh2+ 24. Kf1 Bxg5 25. Re1 Qh1+ 26. Ke2 Qxg2 27. Qf3
Qxf3+ 28. Kxf3 Nf6 29. Re5 Bc1 30. Bxd5 Bxb2 31. Bxb7 Bxd4 32. Ra5 Rb8 33. Bxa6
g6 34. Rb5 Rxb5 35. Bxb5 Bb6 36. Kf4 Bxf2 37. Ke5 Kg7 38. Kd6 h5 39. Kc6 h4 40.
Bf1 g5 41. a5 g4 42. a6 h3 43. Kb7 Nd7 44. a7 Bxa7 45. Kxa7 h2 46. Bg2 f5 47.
Kb7 f4 48. Kc6 f3 49. Bh1 f2 50. Bg2 f1=Q 51. Bxf1 h1=Q+ 0-1

[Event "ch-FRA Blitz Online Qual"]
[Site "Europe-Chess INT"]
[Date "2020.05.16"]
[Round "1"]
[White "Le Goff, Ronan"]
[Black "Trevisiol, Antoine"]
[Result "1-0"]
[WhiteTitle "FM"]
[WhiteElo "2267"]
[BlackElo "1788"]
[WhiteFideId "612073"]
[BlackFideId "45136530"]
[EventDate "2020.05.16"]

1. d4 Nf6 2. Nf3 d5 3. c4 c6 4. Qc2 e6 5. Nbd2 Nbd7 6. g3 Be7 7. Bg2 O-O 8. O-O
b6 9. e4 dxe4 10. Nxe4 Bb7 11. Rd1 Qc7 12. Bf4 Qd8 13. Nd6 Bxd6 14. Bxd6 Re8 15.
Ne5 Rc8 16. Qa4 Nf8 17. Qxa7 Qxd6 18. Qxb7 c5 19. Qxf7+ Kh8 20. Qxf6 gxf6 21.
Nf7+ Kg7 22. Nxd6 Red8 23. Nxc8 Rxc8 24. dxc5 Rxc5 25. b3 b5 26. cxb5 Rxb5 27.
Rac1 Kg6 28. h4 f5 29. Rd8 1-0

[Event "ch-FRA Blitz Online Qual"]
[Site "Europe-Chess INT"]
[Date "2020.05.16"]
[Round "1"]
[White "Douchez, Tony"]
[Black "Guadalpi, David"]
[Result "0-1"]
[BlackTitle "FM"]
[WhiteElo "1630"]
[BlackElo "2272"]
[WhiteFideId "36087785"]
[BlackFideId "603244"]
[EventDate "2020.05.16"]

1. e4 d6 2. d4 Nf6 3. Nc3 Nbd7 4. Nf3 e5 5. d5 Be7 6. Bd3 O-O 7. O-O Ne8 8. Be3
g6 9. Qd2 Ng7 10. a4 a5 11. b3 f5 12. exf5 gxf5 13. Bh6 e4 14. Nxe4 fxe4 15.
Bxe4 Nf6 16. Rfe1 Ng4 17. Bd3 Bf6 18. h3 Ne5 19. Nxe5 Bxe5 20. Rxe5 dxe5 21. g4
Qf6 22. g5 Qf4 23. Qe2 Bxh3 24. f3 Qg3+ 25. Kh1 Qxf3+ 26. Qxf3 Rxf3 27. Re1 Re8
28. Be4 Rf1+ 29. Rxf1 Bxf1 30. Kg1 Bh3 31. Kf2 Bf5 32. Ke3 Bxe4 33. Kxe4 Kf7 34.
Bxg7 Kxg7 35. Kf5 e4 36. Kf4 e3 37. Kf3 e2 38. d6 cxd6 39. b4 e1=Q 40. c3 Rf8+
41. Kg4 Qg1+ 42. Kh5 Rf4 43. bxa5 Qg4# 0-1

[Event "ch-FRA Blitz Online Qual"]
[Site "Europe-Chess INT"]
[Date "2020.05.16"]
[Round "1"]
[White "Guezennec, Franck"]
[Black "Lapitski, Yaroslav"]
[Result "1-0"]
[WhiteElo "2272"]
[BlackElo "1765"]
[WhiteFideId "633550"]
[BlackFideId "13519468"]
[EventDate "2020.05.16"]

1. e4 c5 2. Nf3 Nc6 3. d4 cxd4 4. Nxd4 Nf6 5. Nc3 e5 6. Ndb5 d6 7. Bg5 a6 8. Na3
b5 9. Bxf6 Qxf6 10. Nd5 Qd8 11. c3 Be7 12. Nc2 O-O 13. Nce3 Bg5 14. Bd3 g6 15.
O-O Kh8 16. a4 bxa4 17. Rxa4 f5 18. f3 Ne7 19. Qe2 Nxd5 20. Nxd5 Bb7 21. Kh1
Bxd5 22. exd5 Qb6 23. Rxa6 Rxa6 24. Bxa6 Ra8 25. Bb5 Rb8 26. c4 Qa5 27. g3 f4
28. g4 h5 29. gxh5 gxh5 30. Rg1 Rg8 31. Qg2 Kh7 32. h4 Qd8 33. hxg5 Kg6 34. b4
Qb6 35. Qc2+ Kg7 36. Qf5 Rf8 37. Qd7+ Rf7 38. Qe6 Qf2 39. Qh6+ Kg8 40. Qg6+ Rg7
41. Qe8+ Kh7 42. Qxh5+ Kg8 43. g6 Qe2 44. Rg2 Qe1+ 45. Kh2 Qxb4 46. Qf5 Qe1 47.
Qc8# 1-0

[Event "ch-FRA Blitz Online Qual"]
[Site "Europe-Chess INT"]
[Date "2020.05.16"]
[Round "1"]
[White "Fernandez, Jose"]
[Black "Materia, Marco"]
[Result "0-1"]
[BlackTitle "FM"]
[WhiteElo "1597"]
[BlackElo "2269"]
[WhiteFideId "26088983"]
[BlackFideId "45150451"]
[EventDate "2020.05.16"]

1. e4 c5 2. Nc3 e6 3. f4 d5 4. g3 Nc6 5. Bg2 Nf6 6. d3 Be7 7. Nf3 O-O 8. O-O b6
9. Re1 Bb7 10. Ne5 dxe4 11. dxe4 Nxe5 12. Qxd8 Rfxd8 13. fxe5 Nd7 14. Nb5 Nxe5
15. Bf4 Ng6 16. Be3 a6 17. Nc3 Rac8 18. Rad1 b5 19. Rxd8+ Rxd8 20. Rd1 Rxd1+ 21.
Nxd1 Ne5 22. Nc3 Nc4 23. Bc1 Bc8 24. Bf1 Nb6 25. Be3 Bb7 26. Bg2 f6 27. Nd1 Nc4
28. Bc1 Kf7 29. Nc3 Bd6 30. Ne2 Be5 31. c3 Nd6 32. Nf4 Bxe4 33. Bxe4 Nxe4 34.
Ne2 Ke7 35. Kg2 Kd6 36. Kf3 Kd5 37. Nf4+ Bxf4 38. gxf4 Nd6 39. Be3 Nc4 40. Bc1
e5 41. b3 e4+ 42. Ke2 Nd6 43. Ke3 Nf5+ 44. Ke2 b4 45. cxb4 Nd4+ 46. Ke3 cxb4 47.
Bd2 f5 48. Bc1 Nc2+ 49. Kd2 Na3 50. Bb2 g6 51. Bc1 Nb1+ 52. Ke3 h6 0-1

[Event "ch-FRA Blitz Online Qual"]
[Site "Europe-Chess INT"]
[Date "2020.05.16"]
[Round "1"]
[White "Stoll, Lucia"]
[Black "Muminova, Nafisa"]
[Result "0-1"]
[BlackTitle "WGM"]
[WhiteElo "1561"]
[BlackElo "2274"]
[WhiteFideId "45133301"]
[BlackFideId "14201526"]
[EventDate "2020.05.16"]

1. e4 e6 2. d4 d5 3. e5 c5 4. c3 Nc6 5. Nf3 Qb6 6. a3 f6 7. exf6 Nxf6 8. b4 cxd4
9. cxd4 Bd6 10. Be3 O-O 11. Bd3 Bd7 12. Nc3 Rae8 13. O-O a6 14. Na4 Qc7 15. Nc5
Bc8 16. Rc1 Qb8 17. Qc2 e5 18. dxe5 Nxe5 19. Nxe5 Bxe5 20. h3 d4 21. Bg5 h6 22.
Bxf6 Rxf6 23. Bc4+ Kh8 24. Ne4 Bf5 25. Rfe1 Rc6 26. Qd3 Qc7 27. a4 b5 28. axb5
axb5 29. g4 bxc4 30. Qf3 Bg6 31. h4 Rce6 32. h5 Bxe4 33. Rxe4 Bh2+ 34. Kg2 Rxe4
35. Qh3 Bf4 36. f3 Re2+ 37. Kf1 Bxc1 0-1

[Event "ch-FRA Blitz Online Qual"]
[Site "Europe-Chess INT"]
[Date "2020.05.16"]
[Round "1"]
[White "Louistisserand, Patrick"]
[Black "Bui, Christopher"]
[Result "1-0"]
[WhiteTitle "FM"]
[WhiteElo "2245"]
[BlackElo "1849"]
[WhiteFideId "635049"]
[BlackFideId "45107998"]
[EventDate "2020.05.16"]

1. d4 Nf6 2. c4 g6 3. Nc3 d5 4. cxd5 Nxd5 5. e4 Nxc3 6. bxc3 Bg7 7. Be3 O-O 8.
Qd2 c5 9. Rc1 cxd4 10. cxd4 Nc6 11. d5 Ne5 12. h3 b6 13. f4 Nd7 14. Nf3 e5 15.
dxe6 fxe6 16. Bc4 Nf6 17. Qxd8 Rxd8 18. e5 Nd5 19. Bd2 Bb7 20. Ng5 Re8 21. O-O
Rad8 22. Rfe1 h6 23. Ne4 Bf8 24. Bxd5 Rxd5 25. Nf6+ Kf7 26. Rc7+ Re7 27. Rxe7+
Bxe7 28. Nxd5 Bxd5 29. Be3 Ke8 30. Rc1 Kd7 31. Rc2 Be4 32. Rd2+ Bd5 33. Kf2 Bb4
34. Rc2 h5 35. g4 hxg4 36. hxg4 Be7 37. Bd4 Be4 38. Re2 Bd5 39. Ke3 Ba3 40. Rh2
Bc1+ 41. Kd3 Bxf4 42. Rh7+ Kc8 43. Rxa7 Bf3 44. Kc4 Bxg4 45. Kb5 Be2+ 46. Kxb6
g5 47. Kc6 Bf3+ 48. Kd6 Bd5 49. a4 g4 50. Rg7 g3 51. a5 g2 52. a6 Bh6 53. Rg8+
Bf8+ 54. Rxf8# 1-0

[Event "ch-FRA Blitz Online Qual"]
[Site "Europe-Chess INT"]
[Date "2020.05.16"]
[Round "1"]
[White "Ben Mohamed, Kader"]
[Black "Gatineau, Yovann"]
[Result "0-1"]
[BlackTitle "FM"]
[WhiteElo "1591"]
[BlackElo "2423"]
[WhiteFideId "45118523"]
[BlackFideId "26028999"]
[EventDate "2020.05.16"]

1. f4 g6 2. Nf3 Bg7 3. Nc3 Nf6 4. e3 O-O 5. Be2 d6 6. O-O Nc6 7. d4 e5 8. Bd2
exd4 9. Bc1 dxc3 10. bxc3 Bf5 11. Bd3 Qd7 12. Qe2 Rfe8 13. a4 Nd5 14. Bd2 Nxf4
15. Qf2 Nxd3 16. cxd3 Bxd3 17. Rfd1 Be4 18. Nd4 Nxd4 19. exd4 d5 20. Rf1 Bf5 21.
Bf4 c6 22. Rae1 Rxe1 23. Rxe1 Re8 24. Rxe8+ Qxe8 25. h3 Qe4 26. Qh4 h6 27. Qd8+
Kh7 28. Qc7 Qe2 29. Qxf7 Be4 30. Be5 Qxg2# 0-1

[Event "ch-FRA Blitz Online Qual"]
[Site "Europe-Chess INT"]
[Date "2020.05.16"]
[Round "1"]
[White "Saada, Julien"]
[Black "Pichon, Ewen"]
[Result "0-1"]
[WhiteTitle "FM"]
[WhiteElo "2250"]
[BlackElo "1821"]
[WhiteFideId "625388"]
[BlackFideId "45155593"]
[EventDate "2020.05.16"]

1. d4 Nf6 2. Bg5 c5 3. d5 d6 4. Nc3 Qa5 5. Bxf6 exf6 6. e4 g6 7. Bd3 Bg7 8. Ne2
O-O 9. O-O Nd7 10. f4 a6 11. a4 Rb8 12. Ra3 Qc7 13. Ng3 c4 14. Be2 b5 15. axb5
axb5 16. b4 cxb3 17. Rxb3 b4 18. Nb1 Nc5 19. Re3 Qa7 20. Kh1 Re8 21. Nd2 f5 22.
Nc4 Nxe4 23. Nxe4 fxe4 24. Nxd6 Qxe3 25. Nxe8 Qb6 26. Nxg7 Kxg7 27. Qa1+ f6 28.
g4 Bb7 29. Bc4 Rd8 30. g5 Bxd5 31. gxf6+ Qxf6 32. Qxf6+ Kxf6 33. Rd1 Ke6 34. Rd4
e3+ 35. Re4+ Kf5 36. Bxd5 Rxd5 37. Rxe3 Kxf4 38. Rb3 Rc5 39. Rxb4+ Kf3 40. c4 h5
41. h3 Kg3 42. Rb3+ Kh4 43. Rb4 Kxh3 44. Rb3+ Kg4 45. Kg2 Kf4 46. Rf3+ Ke4 47.
Rg3 g5 48. Kh3 Kf4 49. Rc3 h4 50. Rc1 Ke4 51. Kg4 Kd4 52. Rc2 Rxc4 53. Rd2+ Ke3+ 0-1

[Event "ch-FRA Blitz Online Qual"]
[Site "Europe-Chess INT"]
[Date "2020.05.16"]
[Round "1"]
[White "Boyer, Mahel"]
[Black "Vie, Maxence"]
[Result "1-0"]
[WhiteTitle "FM"]
[WhiteElo "2294"]
[BlackElo "1648"]
[WhiteFideId "45102422"]
[BlackFideId "45150168"]
[EventDate "2020.05.16"]

1. d4 f5 2. c4 Nf6 3. Nc3 g6 4. h4 h6 5. Nh3 Bg7 6. Nf4 Kf7 7. g3 d6 8. Bg2 c6
9. e4 e5 10. dxe5 dxe5 11. Nd3 Re8 12. Be3 Ng4 13. Qe2 Be6 14. O-O-O Nd7 15. h5
g5 16. exf5 Bxf5 17. Be4 Nxe3 18. Qxe3 Bxe4 19. Nxe4 Qc7 20. Qf3+ Kg8 21. Qf5
Rf8 22. Qg6 Rad8 23. Nxg5 Nf6 24. Ne6 Qe7 25. Nxd8 Rxd8 26. Rhe1 e4 27. Nf4 Qc7
28. Ne6 Rxd1+ 29. Rxd1 Qe5 30. Qxg7# 1-0

[Event "ch-FRA Blitz Online Qual"]
[Site "Europe-Chess INT"]
[Date "2020.05.16"]
[Round "1"]
[White "Dimey-Gabert, Quentin"]
[Black "Saya, Ethan"]
[Result "0-1"]
[WhiteElo "1758"]
[BlackElo "2199"]
[WhiteFideId "36090085"]
[BlackFideId "26095181"]
[EventDate "2020.05.16"]

1. d4 Nf6 2. c4 e6 3. Nc3 Bb4 4. e3 b6 5. a3 Bxc3+ 6. bxc3 Bb7 7. f3 c5 8. e4 d6
9. Be3 Nbd7 10. Bd3 O-O 11. Ne2 e5 12. O-O Rc8 13. Qc2 Re8 14. Rac1 Nf8 15. Rcd1
Ng6 16. Qd2 Ba6 17. Ng3 Qd7 18. Nf5 Ne7 19. Nxe7+ Rxe7 20. Be2 cxd4 21. cxd4
Bxc4 22. Bxc4 Rxc4 23. dxe5 dxe5 0-1